000 00349nam a22001453 4500
001 207004
005 20250918125537.0
090 _a207004
100 _a20250918 ukry50
101 _aukr
102 _aUA
200 _a
210 _d2025
801 _2unimarc
_aUA
_gpsbo
942 _cNEWSPAPER